Optimization over time : dynamic programming and stochastic control /
Guardado en:
| Autor Principal: | |
|---|---|
| Formato: | Libro |
| Idioma: | English |
| Publicado: |
Chichester :
Wiley,
c1982-c1983.
|
| Series: | Wiley series in probability and mathematical statistics. Applied probability and statistics
|
| Materias: | |
| Etiquetas: |
Agregar Etiqueta
Sin Etiquetas, Sea el primero en etiquetar este registro!
|
| LEADER | 01020cam a2200277 a 4500 | ||
|---|---|---|---|
| 001 | MAT.inmabb004716 | ||
| 008 | 810922m19821983enk######b####001#0#eng## | ||
| 005 | 20160804125307.0 | ||
| 245 | 1 | 0 | |a Optimization over time : |b dynamic programming and stochastic control / |c Peter Whittle. |
| 260 | |a Chichester : |b Wiley, |c c1982-c1983. | ||
| 300 | |a 2 v. ; |c 24 cm. | ||
| 440 | 0 | |a Wiley series in probability and mathematical statistics. |p Applied probability and statistics | |
| 504 | |a Incluye referencias bibliográficas. | ||
| 510 | 4 | |a MR, |c 84f:90002 |3 (v. 1) | |
| 510 | 4 | |a MR, |c 85e:90062 |3 (v. 2) | |
| 020 | |a 0471101206 (v. 1) | ||
| 020 | |a 0471104965 (v. 2) | ||
| 100 | 1 | |a Whittle, Peter. | |
| 650 | 0 | |a Mathematical optimization. | |
| 650 | 0 | |a Dynamic programming. | |
| 650 | 0 | |a Stochastic control theory. | |
| 084 | |a 90-02 (49-02 49C20 90C39 93-02) |2 MR | ||
| 010 | |a 81016401 | ||
| 040 | |a DLC |c DLC |d DLC | ||
| 859 | |h 90 |i W627t |p A-6105 |v 1 |3 Vol. 1 |b BIB. MATEMATICA | ||
| 859 | |h 90 |i W627t |p A-6106 |v 2 |3 Vol. 2 |b BIB. MATEMATICA | ||
